Statistics for Iration Discography

Click here to take the quiz!

General Stats

  • This quiz has been taken 3 times
  • The average score is 3 of 8

Answer Stats

TypeYearName% Correct
Album2010Time Bomb
100%
Album2013Automatic
33%
Album2016Double Up
33%
EP2011Fresh Grounds
33%
Album2015Hotting Up
33%
Album2007No Time for Rest
33%
EP2008Sample This
33%
EP2006New Roots
0%

Score Distribution

Percentile by Number Answered

Percent of People with Each Score

Your Score History

You have not taken this quiz